LEADER 00986cam0 2200277 450 001 000012359 005 20090310141826.0 100 $a20080605d1977----km-y0itay50------ba 101 0 $aita 102 $aIT 105 $ay-------001yy 200 1 $aCapitalismo e sottosviluppo nell'America Latina$fdi Juan Carlos Scapini ... [et al.] 210 $aMilano$cFranco Angeli$d1977 215 $a180 p.$d22 cm 225 2 $aStudi economici$v4 410 0$12001$aStudi economici 500 10$aCapitalismo e sottosviluppo nell'America Latina$957762 610 1 $aAmerica Latina$aCondizioni economiche e sociali 610 1 $aCapitalismo$aAmerica Latina 676 $a338.98$v20$9Sviluppo economico e politiche di sviluppo. America meridionale 702 1$aScapini,$bJuan Carlos$4070 801 0$aIT$bUNIPARTHENOPE$c20080605$gRICA$2UNIMARC 912 $a000012359 951 $a121/103$bCNR-39$cNAVA2 996 $aCapitalismo e sottosviluppo nell'America Latina$957762 997 $aUNIPARTHENOPE LEADER 01058nam 22003493 450 001 9910145892203321 005 20020529000000.0 010 $a88-491-1903-8 035 $a(CKB)1000000000279430 035 $a(ItFiC)it 02250191 035 $a(EXLCZ)991000000000279430 100 $a20060828d2002 uy 0 101 0 $aita 200 00$aManuale di diritto dell'informatica e delle nuove tecnologie /$fa cura di Enrico Pattaro ; [scritti di] Claudia Cevenini ... [et al.] 205 $aEd. aggiornata. 210 $aBologna $cCLUEB$d2002 215 $a317 p 225 0$aMiscellanea del Cirsfid / Cirsfid ;$v24 300 $aCollected essays. 300 $aFirst ed. 2000, now updated. 320 $aIncludes bibliographical references. 676 $a343 676 $a350 676 $a346 676 $a005 701 $aPattaro$b Enrico$0230640 801 0$bItFiC 801 1$bItFiC 906 $aBOOK 912 $a9910145892203321 996 $aManuale di diritto dell'informatica e delle nuove tecnologie$9208328 997 $aUNINA